|
|
|
|
| LEADER |
01019nam a2200241 a 4500 |
| 001 |
c000340936 |
| 003 |
CARM |
| 005 |
00000000000000.0 |
| 008 |
830830s1942 nyu 00010 eng d |
| 019 |
1 |
|
|a 2726003
|z 10207143
|z 42727681
|z 57736383
|5 LACONCORD2021
|
| 035 |
|
|
|a (OCoLC)4568174
|5 LACONCORD2021
|
| 040 |
|
|
|a NWU
|c NWU
|
| 043 |
|
|
|a a-io---
|
| 100 |
1 |
|
|a Boeke, J. H.
|q (Julius Herman),
|d 1884-1956.
|
| 245 |
1 |
4 |
|a The structure of Netherlands Indian economy /
|c by J. H. Boeke.
|
| 260 |
|
|
|a New York :
|b International Secretariat, Institute of Pacific Relations,
|c 1942.
|
| 300 |
|
|
|a x, 201 p. ;
|c 23 cm.
|
| 490 |
0 |
|
|a I. P. R. international research series
|
| 651 |
|
0 |
|a Indonesia
|x Economic conditions.
|
| 830 |
|
0 |
|a International research series (Institute of Pacific Relations)
|
| 852 |
8 |
|
|b CARM
|h A1:AL35G0
|i B10336
|p 0466220
|f BK
|
| 999 |
f |
f |
|i afec011c-5a52-53bc-afe5-59c20aa05dff
|s 235c1b00-5992-54b0-ba6b-f8c509e46438
|
| 952 |
f |
f |
|p Can circulate
|a CAVAL
|b CAVAL
|c CAVAL
|d CARM 1 Store
|e B10336
|f A1:AL35G0
|h Other scheme
|i book
|m 0466220
|